00346nam a2200133Ia 450000500170000000800410001702000150005808200130007310000190008624500230010526000400012830000170016850000270018520250514024623.0240331s9999 xx 000 0 und d a9552034469 a215bEDM aEdmand, K.B.A. 0aAbhirahas vishwaya aColombobS. Godake & Brothersc1999 axi, 204 p ., aA Book on Happy Wishes